Refrigeration and air conditioning / (Record no. 18515)

MARC details
000 -LEADER
fixed length control field 01019nam a22002897a 4500
005 - DATE AND TIME OF LATEST TRANSACTION
control field 20141029110248.0
008 - FIXED-LENGTH DATA ELEMENTS--GENERAL INFORMATION
fixed length control field 141029s1982 nz a frb 001 0 eng d
020 ## - INTERNATIONAL STANDARD BOOK NUMBER
International Standard Book Number 9780070665910
020 ## - INTERNATIONAL STANDARD BOOK NUMBER
International Standard Book Number 0070665915
040 ## - CATALOGING SOURCE
Original cataloging agency EG-ScBUE
082 00 - DEWEY DECIMAL CLASSIFICATION NUMBER
Edition number 22
Classification number 621.56
Item number STO
100 1# - MAIN ENTRY--PERSONAL NAME
Personal name Stoecker, W. F.
Fuller form of name (Wilbert F.),
Dates associated with a name 1925-
9 (RLIN) 36366
245 10 - TITLE STATEMENT
Title Refrigeration and air conditioning /
Statement of responsibility, etc W. F. Stoecker, J. W. Jones.
250 ## - EDITION STATEMENT
Edition statement 2nd ed.,
Remainder of edition statement McGraw-Hill international ed.
260 ## - PUBLICATION, DISTRIBUTION, ETC. (IMPRINT)
Place of publication, distribution, etc Auckland, New Zealand :
Name of publisher, distributor, etc McGraw-Hill,
Date of publication, distribution, etc 1982.
300 ## - PHYSICAL DESCRIPTION
Extent xvi, 443 p. :
Other physical details ill. ;
Dimensions 21 cm.
490 0# - Series Statement
Series statement McGraw-Hill series in mechanical engineering
490 0# - Series Statement
Series statement McGraw-Hill mechanical technology series
500 ## - GENERAL NOTE
General note Includes indexes.
504 ## - BIBLIOGRAPHY, ETC. NOTE
Bibliography, etc Includes bibliographical references.
650 #0 - SUBJECT ADDED ENTRY--TOPICAL TERM
Topical term or geographic name as entry element Refrigeration and refrigerating machinery
9 (RLIN) 5821
650 #0 - SUBJECT ADDED ENTRY--TOPICAL TERM
Topical term or geographic name as entry element Air conditioning
9 (RLIN) 5822
653 ## - INDEX TERM--UNCONTROLLED
Resource For college Engineering, Mechanical
Arrived date list October2014
655 ## - INDEX TERM--GENRE/FORM
Form subdivision
-- 34232
700 1# - ADDED ENTRY--PERSONAL NAME
Personal name Jones, J. W.
Fuller form of name (Jerold W.)
9 (RLIN) 36367
942 ## - ADDED ENTRY ELEMENTS (KOHA)
Source of classification or shelving scheme Dewey Decimal Classification
Call number prefix 621.56 STO
Holdings
Withdrawn status Item status Source of classification or shelving scheme Damaged status Not for loan Vendor Home library Current library Shelving location Date acquired Source of acquisition Cost, normal purchase price Total Checkouts Total Renewals Full call number Barcode Checked out Date last seen Date last borrowed Cost, replacement price Koha item type
    Dewey Decimal Classification     Baccah Central Library Central Library First floor 29/10/2014   330.00 2 7 621.56 STO 000036856 21/02/2021 17/10/2019 17/10/2019 412.50 Book - Borrowing
    Dewey Decimal Classification     Baccah Central Library Central Library First floor 29/10/2014   330.00 2 42 621.56 STO 000036857   15/07/2025 24/09/2018 412.50 Book - Borrowing
    Dewey Decimal Classification     Baccah Central Library Central Library First floor 29/10/2014   330.00 1 35 621.56 STO 000036858   15/07/2025 20/11/2014 412.50 Book - Borrowing